|
|
|
|
| LEADER |
01025pam a22002778a 4500 |
| 001 |
00041885 |
| 008 |
170505s1996 ||||||engsd |
| 005 |
20180808090844.0 |
| 041 |
0 |
# |
|a Vie
|
| 082 |
0 |
4 |
|a 807
|b B103GI
|
| 245 |
1 |
0 |
|b Dành cho học viên ngành GDTH - hệ CĐSP chuyên tu
|a Bài giảng văn học Việt Nam
|c Đậu Thị Ánh Tuyết; Lê Thanh Diện...[ và những người khác]
|
| 260 |
# |
# |
|b Đại học Đồng Tháp
|a Đồng Tháp
|c 2004
|
| 300 |
# |
# |
|c 29cm.
|a 64 tr
|
| 653 |
# |
# |
|a tác giả
|
| 653 |
# |
# |
|a Văn học Việt nam
|
| 653 |
# |
# |
|a Bài giảng
|
| 653 |
# |
# |
|a tác phẩm
|
| 700 |
1 |
# |
|a Hồ, Thị Thu Hà
|
| 700 |
1 |
# |
|a Lê ,Thanh Diện
|
| 700 |
1 |
# |
|a Lê, Thanh Hằng
|
| 700 |
1 |
# |
|a Trần, Văn Tuấn
|
| 700 |
1 |
# |
|a Đậu, Thị Ánh Tuyết
|
| 700 |
1 |
# |
|a Đỗ, Thị Hồng Hạnh
|
| 852 |
# |
# |
|j KD.0024567
|
| 910 |
|
|
|d 08/08/2018
|
| 980 |
# |
# |
|a Trung tâm Học liệu Lê Vũ Hùng, Trường Đại học Đồng Tháp
|